The Pokémon Jay has Used - Statistics

General Stats
  • This quiz has been taken 10 times
  • The average score is 41 of 56
Answer Stats
Region I Used It In Type Answer % Correct
Alola Water Bug Araquanid
100%
Kalos Fire Flying Charizard
100%
Galar Fire Cinderace
100%
Galar Flying Steel Corviknight
100%
Platinum Sinnoh Dragon Ground Garchomp
100%
Sinnoh Water Ground Gastrodon
100%
Kalos Water Dark Greninja
100%
Sinnoh Fire Fighting Infernape
100%
Johto Grass Flying Jumpluff
100%
Paldea Electric Flying Kilowattrel
100%
Unova Dark Ground Krookodile
100%
Alola Rock Lycanroc
100%
Kanto Ground Poison Nidoking
100%
Kanto Fire Ninetales
100%
Sinnoh Grass Poison Roserade
100%
Unova Water Samurott
100%
Sinnoh Normal Flying Staraptor
100%
Paldea Steel Fairy Tinkaton
100%
Paldea Grass Ground Toedscruel
100%
Galar Electric Poison Toxtricity
100%
Johto Fire Typhlosion
100%
Johto Electric Ampharos
67%
Galar Electric Boltund
67%
Paldea Normal Dragon Cyclizar
67%
BDSP Sinnoh Poison Dark Drapion
67%
Galar Water Rock Drednaw
67%
Kanto Normal Eevee
67%
Johto Normal Flying Fearow
67%
Hisui Water Floatzel
67%
Hisui Fire Ghost Hisuian Typhlosion
67%
Alola Fire Dark Incineroar
67%
Alola Ground Mudsdale
67%
Kalos Fighting Dark Pangoro
67%
Kalos Normal Fire Pyroar
67%
Johto Water Ground Quagsire
67%
Platinum Sinnoh Rock Rampardos
67%
Alola Bug Fairy Ribombee
67%
Paldea Fire Ghost Skeledirge
67%
Kanto Water Psychic Starmie
67%
Galar Dark Thievul
67%
Unova Normal Flying Unfezant
67%
Kanto Grass Poison Venusaur
67%
BDSP Sinnoh Dark Ice Weavile
67%
Hisui Normal Psychic Wyrdeer
67%
Johto Psychic Flying Xatu
67%
Hisui Normal Water Bibarel
33%
Unova Fire Darmanitan
33%
Alola Grass Ghost Dhelmise
33%
Kalos Fairy Florges
33%
Unova Dragon Ground Flygon
33%
Hisui Electric Luxray
33%
Kalos Dark Psychic Malamar
33%
Hisui Fighting Poison Sneasler
33%
Paldea Water Psychic Veluza
33%
Kanto Bug Poison Venomoth
33%
Unova Electric Zebstrika
33%
No matching quizzes found
Score Distribution
Percent of People with Each Score
Percentile by Number Answered
Your Score History
You have not taken this quiz